Responses for Show #2391 - Monday, January 16, 1995

Jim Morgan game 2.

Contestants

[<< previous game]

John Mark, a writer from Phoenix, Arizona

Cindi Cohen, an attorney from Annandale, Virginia

Jim Morgan, a personnel manager from New Brunswick, New Jersey (whose 1-day cash winnings total $1,199)

[next game >>]

Jeopardy! Round responses

GEOGRAPHY
TELEVISION
INVENTORS
THE 1790s
THE FOUR SEASONS
WORD ORIGINS
    $100 3
the Black Forest

Cindi
    $100 1
The Twilight Zone

John
    $100 6
Alexander Graham Bell

Cindi
    $100 15
Catherine the Great

Jim
    $100 24
September

Jim
    $100 12
(John: What is shaman?)

sham

CindiJohn
    $200 5
the Bay of Bengal

John
    $200 2
The Waltons

Jim
    $200 20
Teflon

Cindi
    $200 16
Captain Bligh

John
    $200 25
spring fever

Jim
    $200 13
vanilla

Cindi
    $300 9
Cook

Jim
    $300 4
Tattoo

Jim
    $300 21
Gutenberg

Jim
    $300 17
Vermont

Jim
    $300 26
fall, spring, summer, winter

Cindi
    $300 14
Sesame

Jim
    $400 10
Cape Horn

Cindi
    $400 7
Dynasty

Cindi
    $400 22
(Elisha) Otis

John
    $400 18
Mrs. Hamilton

John
    $400 27
"can spring be far behind?"

John
    $400 29
ozone

Jim
    $500 11
Charlotte Amalie

Cindi
    $500 8
(John: Who is... Gil... Gilligan?)

Richard Mulligan

JimJohn
    $500 23
(Edwin) Land

Jim
    $500 19
the Columbia

John
    $500 28
"the winter of our discontent"

Jim
    $500 30
shiatsu

Cindi

Scores at the first commercial break (after clue 15):

Jim Cindi John
$1,700 $1,800 -$300

Scores at the end of the Jeopardy! Round:

Jim Cindi John
$4,000 $2,800 $1,600

Double Jeopardy! Round responses

WORLD FACTS
HISTORICAL OPERAS
EGYPTIAN MYTHOLOGY
ARTISTS
DEMOCRATS
LITERATURE
    $200 4
Bethlehem

Cindi
    $200 14
(Jim: What is the Aztec?)

the Incan

JimCindi
    $200 22
the Nile

Cindi
    $200 15
Australia

Jim
    $200 1
the Civil War

John
    $200 9
Gone with the Wind

Cindi
    $400 5
Richelieu

Cindi
    $400 16
Lucrezia

John
    $400 27
(Alex: We have about a minute to go.)

egg

Triple Stumper
    $400 20
Michelangelo

John
    $400 2
Jimmy Carter

John
    $400 10
Dickens

Jim
    $600 6
Bangladesh

Jim
    $600 17
Nero

John
    $600 28
(John: What is the giant roc?)

the hawk

John
Triple Stumper
    $600 21
Rodin

Jim
    $600 3
Illinois

Jim
    $600 11
Around the World in Eighty Days

Cindi
    $800 7
the Basques

Jim
    $800 18
Ivan the Terrible

John
    $800 29
Osiris

Triple Stumper
    $800 23
Pablo Picasso

Triple Stumper
    $800 25
Chief of Staff

John
    $800 12
(Theodore) Dreiser

Jim
    $1000 8
CuraƧao

Jim
    $2,000 19
(John: Who is Elizabeth I?)

Mary, Queen of Scots

John
    $100 30
Heliopolis

Cindi
    $1000 24
Jackson Pollock

Triple Stumper
    $1000 26
Ways & Means

Cindi
    $1000 13
Working

Jim

Scores at the end of the Double Jeopardy! Round:

Jim Cindi John
$9,800 $5,700 $2,600

[wagering suggestions for these scores]

Final Jeopardy! Round responses

U.S. HISTORY
(Alex: The state of Franklin is where East [*] is right now.)
JohnWhat is Utah?
$2,599
CindiWhat is Vermont?
$5,698
JimWhat is West Virginia?
$1,601
Tennessee

Final scores:

Jim Cindi John
$8,199 $2 $1
2-day champion: $9,398 2nd place: Caribbean cruise from Norwegian Cruise Line 3rd place: computer from Insight Computer

Game dynamics:

Coryat scores:

Jim Cindi John
$9,800 $6,600 $4,600
22 R,
1 W
18 R
(including 1 DD),
0 W
14 R
(including 1 DD),
4 W
(including 1 DD)

Combined Coryat: $21,000

[game clues] [game scores] [suggest correction]

Game tape date: 1994-10-26
The J! Archive is created by fans, for fans. Scraping, republication, monetization, and malicious use prohibited; this site may use cookies and collect identifying information. See terms. The Jeopardy! game show and all elements thereof, including but not limited to copyright and trademark thereto, are the property of Jeopardy Productions, Inc. and are protected under law. This website is not affiliated with, sponsored by, or operated by Jeopardy Productions, Inc. Join the discussion at JBoard.tv.